00511nam a22001937a 4500001000400000003000900004005001700013007000400030008002800034020001500062040002200077100001400099245007700113260003300190300002200223490002200245700002800267830002200295083DO-SdBNP20180118144207.0083151005b1962 sp 00| 0 spa d a8470021346 aBPMSUbspacBPMSU1 aRay, Jean13aLa ciudad del miedo indecible /cJean Ray ; traducción José Ma. Roca aBarcelona :bAcervo, c1962. a148 p. ;c18 cm.1 aEl observadorv6312aRoca, José Ma.etrad. 0aEl observadorn63